| 000 | 00524nam a22001817a 4500 | ||
|---|---|---|---|
| 999 |
_c192514 _d192514 |
||
| 005 | 20220926122407.0 | ||
| 010 | _aENG-135210 | ||
| 020 |
_c1350.00 _a9789382730491 |
||
| 035 | _aEN-118742 | ||
| 037 | _bDBAD/PUB | ||
| 082 | _2336.2714 | ||
| 100 | _aKhandare,D.M. | ||
| 245 |
_aGST Rates of Tax/ _cby D.M.Khandare |
||
| 260 |
_aKanpur _bGarima Prakashan _c2018 |
||
| 270 |
_bKanpur _aIst Floor,Mayur Park,Vasat Vihar Naubasta, _e21 |
||
| 300 |
_aviii,336p. _c22cm(Hb) |
||
| 942 |
_2ddc _cEN _h336.2714 _mKHA |
||